Islam : (Record no. 533626)

000 -LEADER
fixed length control field 01261cam a2200349 a 4500
001 - CONTROL NUMBER
control field 12916406
003 - CONTROL NUMBER IDENTIFIER
control field NUST
005 - DATE AND TIME OF LATEST TRANSACTION
control field 20200115101819.0
008 - FIXED-LENGTH DATA ELEMENTS--GENERAL INFORMATION
fixed length control field 020904s2002 nyub b 001 0 eng
010 ## - LIBRARY OF CONGRESS CONTROL NUMBER
LC control number 2002284120
020 ## - INTERNATIONAL STANDARD BOOK NUMBER
International Standard Book Number 9781842125830 (pbk.)
038 ## - RECORD CONTENT LICENSOR
Staff Name MSOHAIL
040 ## - CATALOGING SOURCE
Original cataloging agency DLC
Transcribing agency DLC
Modifying agency DLC
043 ## - GEOGRAPHIC AREA CODE
Geographic area code aw-----
-- ff-----
-- e-sp---
050 00 - LIBRARY OF CONGRESS CALL NUMBER
Classification number BP50
Item number .A69 2002
082 04 - DEWEY DECIMAL CLASSIFICATION NUMBER
Classification number 297.09
Author Mark ARM
100 1# - MAIN ENTRY--PERSONAL NAME
Personal name Armstrong, Karen,
Dates associated with a name 1944-
9 (RLIN) 945
245 10 - TITLE STATEMENT
Title Islam :
Remainder of title a short history /
Statement of responsibility, etc. Karen Armstrong.
250 ## - EDITION STATEMENT
Edition statement Modern Library ed.
260 ## - PUBLICATION, DISTRIBUTION, ETC.
Place of publication, distribution, etc. New York :
Name of publisher, distributor, etc. Modern Library,
Date of publication, distribution, etc. 2002.
300 ## - PHYSICAL DESCRIPTION
Extent xxxiv, 230 p. :
Other physical details maps ;
Dimensions 21 cm.
440 #0 - SERIES STATEMENT/ADDED ENTRY--TITLE
Title Modern Library chronicles
9 (RLIN) 6119
504 ## - BIBLIOGRAPHY, ETC. NOTE
Bibliography, etc. note Includes bibliographical references and index.
650 #0 - SUBJECT ADDED ENTRY--TOPICAL TERM
Topical term or geographic name entry element Islam
General subdivision History.
9 (RLIN) 6120
651 #0 - SUBJECT ADDED ENTRY--GEOGRAPHIC NAME
Geographic name Islamic Empire
General subdivision History.
9 (RLIN) 6121
856 42 - ELECTRONIC LOCATION AND ACCESS
Materials specified Contributor biographical information
Uniform Resource Identifier <a href="http://www.loc.gov/catdir/bios/random054/2002284120.html">http://www.loc.gov/catdir/bios/random054/2002284120.html</a>
856 41 - ELECTRONIC LOCATION AND ACCESS
Materials specified Sample text
Uniform Resource Identifier <a href="http://www.loc.gov/catdir/samples/random045/2002284120.html">http://www.loc.gov/catdir/samples/random045/2002284120.html</a>
856 42 - ELECTRONIC LOCATION AND ACCESS
Materials specified Publisher description
Uniform Resource Identifier <a href="http://www.loc.gov/catdir/description/random0413/2002284120.html">http://www.loc.gov/catdir/description/random0413/2002284120.html</a>
906 ## - LOCAL DATA ELEMENT F, LDF (RLIN)
a 7
b cbc
c origcop
d 2
e ncip
f 20
g y-gencatlg
942 ## - ADDED ENTRY ELEMENTS (KOHA)
Source of classification or shelving scheme
Koha item type Book
Holdings
Withdrawn status Lost status Source of classification or shelving scheme Damaged status Not for loan Permanent Location Current Location Date acquired Total Checkouts Full call number Barcode Date last seen Price effective from Koha item type
          School of Civil and Environmental Engineering (SCEE) School of Civil and Environmental Engineering (SCEE) 01/15/2020   297.09 ARM NIT-9221 01/15/2020 01/15/2020 Book
© 2023 Central Library, National University of Sciences and Technology. All Rights Reserved.